Physique et astrophysique
Αποθηκεύτηκε σε:
| Κύριος συγγραφέας: | |
|---|---|
| Μορφή: | Βιβλίο |
| Γλώσσα: | French |
| Δημοσίευση: |
[Paris] :
Ernest Flammariom,
1935.
|
| Σειρά: | Bibliotheque de philosophie scientifique
|
| Θέματα: | |
| Ετικέτες: |
Προσθήκη ετικέτας
Δεν υπάρχουν, Καταχωρήστε ετικέτα πρώτοι!
|
MARC
| LEADER | 00000cam a2200000 a 4500 | ||
|---|---|---|---|
| 001 | 1/107664 | ||
| 008 | 150724syyyy####fr | ||| |||| ||fre|| | ||
| 040 | |a GR-MyUa |b gre |c GR-MyUa |e AACR2 | ||
| 041 | 0 | |a fre | |
| 082 | 7 | |a 530 |2 (23) | |
| 100 | 1 | |a Fabry, Charles, |d 1867-1945. | |
| 245 | 1 | 0 | |a Physique et astrophysique / |c Charles Fabry |
| 260 | |a [Paris] : |b Ernest Flammariom, |c 1935. | ||
| 300 | |a 283, [3] σ. ; |c 20 εκ. | ||
| 490 | 1 | |a (Bibliothèque de philosophie scientifique) | |
| 650 | 0 | |a Physics. | |
| 650 | 0 | |a Astrophysics. | |
| 650 | 0 | |a Radiation. | |
| 830 | 0 | |a Bibliotheque de philosophie scientifique | |
| 852 | |a INST |b SAMOS |e 20150724 |h 530 FAB |p 005300042463 |q 005300035601 |t BK |y 0 | ||
| 970 | |a Γουβάλα |b Βάσω |z 24-07-2015 | ||